| 000 | 00579nam a22002057a 4500 | ||
|---|---|---|---|
| 999 |
_c19433 _d19433 |
||
| 003 | AR-CdUCM | ||
| 008 | 190517b ||||| |||| 00| 0 spa d | ||
| 040 |
_aMUNICIPALIDAD PROVINCIAL DEL CUSCO _cBIBLIOTECA MUNICIPAL DEL CUSCO |
||
| 082 |
_a869.56 / _bB88 |
||
| 100 |
_aBueno, Leoncio _910270 |
||
| 245 | _aAl pie del yunque / | ||
| 260 |
_aLima : _bRíos, _c1966. |
||
| 300 |
_a76 páginas ; _c22 cm. |
||
| 505 | _aContenido: Poesías | ||
| 650 |
_aLiteratura _983 |
||
| 650 |
_aPoesía _9139 |
||
| 650 |
_aPeruana _925277 |
||
| 942 |
_2ddc _cLIBROS |
||
| 945 |
_arah _d2019-05-17 |
||